000
00273nam a2200121Ia 4500
008
190216s9999||||xx |||||||||||||| ||und||
100
_a
Sankaran
245
0
_a
Malayalam-Sameepanam
260
_b
Poorna Pubs Kozhikode
300
_a
133
650
_a
Malayalam
942
_c
BK
999
_c
26875
_d
26875